Statistics for US State General Knowledge #6 - Washington

Click here to take the quiz!

General Stats

  • This quiz has been taken 90 times
    (88 since last reset)
  • The average score is 29 of 42

Answer Stats

HintAnswer% Correct
684,451Seattle
100%
Was part of.....from 1848 to 1853Oregon Territory
100%
Oregon
100%
AbbreviationWA
99%
CapitalOlympia
97%
Does Washington vote democratic or republican?Democratic
97%
Bordering statesIdaho
96%
Coffee companyStarbucks
95%
Richest person on EarthBill Gates
93%
Famous landmark of the biggest citySpace Needle
91%
Famous soundPuget Sound
91%
Technology companyMicrosoft
88%
Volcano erupted in 1980Mount St. Helens
84%
Aircraft manufacturer founded hereBoeing
84%
Internet-based retailerAmazon
84%
213,272Spokane
84%
NFL teamSeahawks
82%
Major mountain rangeCascade Range
81%
Bordering provinceBritish Columbia
80%
MLB teamMariners
78%
207,948Tacoma
77%
NirvanaKurt Cobain
77%
Longest riverColumbia River
73%
Unofficial nicknameThe Evergreen State
70%
National Park on Olympic PeninsulaOlympic National Park
66%
Highest peak in whole WashingtonMount Rainier
66%
"Thrift Shop" or "Can't Hold Us"Macklemore
59%
"Greatest Guitarist of all Time"Jimi Hendrix
59%
139,820Bellevue
53%
DemonymWashingtonian
53%
MLS teamSounders
51%
172,860Vancouver
50%
GovernorJay Inslee
46%
Gravity dam on the ^Grand Coulee
46%
Year of statehood1889
45%
Luxury department storesNordstrom
36%
Connects the above with the oceanStrait of Juan de Fuca
32%
Highest peak in the aboveMount Olympus
27%
Mayor of "Family Guy"Adam West
24%
Where ^ grew up, very strange name for a cityWalla Walla
23%
How the two above are called nowSalish Sea
20%
Attorney General, he stopped Executive Order 13769Bob Ferguson
11%

Score Distribution

Percentile by Number Answered

Percent of People with Each Score

Your Score History

You have not taken this quiz since the last reset